Matemáticas recreativas; cuentos y rompecabezas de matemáticas /

Guardado en:
Autor Principal: Perelman, Y. I.
Formato: Libro
Publicado: Moscu : Ediciónes en lenguas extranjeras, 1959
Materias:
Etiquetas: Agregar Etiqueta
Sin Etiquetas, Sea el primero en etiquetar este registro!
LEADER 00720nam a22001815a 4500
001 CEM.cems004993
005 20060217000000.0
008 130507s1959##################000#0#####d
003 CEMS
082 0 4 |a 510 
100 1 |a Perelman, Y. I. 
245 1 0 |a Matemáticas recreativas; cuentos y rompecabezas de matemáticas / 
260 |a Moscu :  |b Ediciónes en lenguas extranjeras,  |c 1959 
300 |a 174 p. 
505 0 |a Razones y proporciónes; Referencia histórica de las proporciónes; Circunferencia; Angulos inscriptos y semiinscriptos; Puntos notables del triangulo; Problemas resueltos; Problemas propuestos 
653 |a Matematica 
653 |a Matematica-juegos 
859 |a CEMS  |b BIB. CEMS - 11 de abril  |h 510  |i P414  |p 9978.81  |t Ej.1